00988nam a22002057a 4500001001900000003000400019005001700023007000300040008004100043017001700084020001500101035002500116040002400141245022600165260005200391300005300443500022500496700003400721700002700755991024960369706706OSt20211228105126.0t 990630s1996 sp a 000 0bspa c aB-48947-1995 a8439547617 a(ES-BaCBU).b46503195 aES-BaCBUbcatcCDMR00aÍndice general 1898-1995h[Fitxer informàtic]b: anuarios, temarios, protagonistas, décadas /cpresidente: José Manuel Lara Bosch ; director general: Antonio Pérez Cobos ; creación del proyecto: Ricard Domingo a[Barcelona] :bDifusora internacional,cDL 1995 a1 CD-ROM ;c12 cm +e1 guia de l'usuari ([2] p.) aRequeriments del sistema: Ordinador personal de tipus 486SX/25 o superior ; 4 MB de memòria RAM ; targeta gràfica amb una resolució de 640x480 ; targeta de so de 8 bits ; lector de CD-ROM ; Windows 3.1 o Windows 951 aLara Bosch, José Manuel,d.1 aPérez Cobos, Antonio